[Event "ECU-chT U20"]
[Site "Carpuela"]
[Date "2014.05.04"]
[Round "3.4"]
[White "Juncal Jaramillo, Jonatan Javier"]
[Black "Guevara Silva, Rogger Stephano"]
[Result "1-0"]
[WhiteElo "1762"]
[BlackElo "1670"]
[PlyCount "95"]
[EventDate "2014.05.03"]
[EventType "team-swiss"]
[EventRounds "7"]
[EventCountry "ECU"]
[SourceTitle "CBM 160 Extra"]
[Source "ChessBase"]
[SourceDate "2014.07.01"]
[SourceVersion "1"]
[SourceVersionDate "2014.07.01"]
[SourceQuality "1"]
[WhiteTeam "Morona Santiago"]
[BlackTeam "Guayas"]
[WhiteTeamCountry "ECU"]
[BlackTeamCountry "ECU"]

1. d4 d5 2. c4 c6 3. Nf3 e6 4. Nc3 Nf6 5. Bg5 Be7 6. e3 Nbd7 7. Bd3 0-0 8. 0-0 Re8 9. Rc1 Nf8 10. Ne5 N6d7 11. Bxe7 Qxe7 12. f4 f5 13. Qh5 Nxe5 14. fxe5 g6 15. Qf3 Bd7 16. c5 b5 17. Ne2 Kg7 18. Rf2 h6 19. g4 Nh7 20. gxf5 exf5 21. Nf4 Rg8 22. Rg2 g5 23. Rf1 Raf8 24. Qh5 Be8 25. Qh3 Kh8 26. Ne2 f4 27. Qxh6 f3 28. Rgf2 fxe2 29. Rxf8 exf1Q+ 30. Rxf1 Qg7 31. Qd6 Rf8 32. Re1 Qd7 33. e6 Qg7 34. Qd8 Bg6 35. e7 Re8 36. Bxg6 Qxg6 37. Rf1 Kg7 38. Qd7 a5 39. e4 Nf6 40. Qxc6 Rxe7 41. e5 Ne4 42. Qxd5 Nd2 43. Rf6 Qb1+ 44. Kg2 Qxb2 45. Rf5 Ne4+ 46. Kf3 Nd2+ 47. Kg4 Ne4 48. Qxe4 1-0